Normal view
MARC view
- Wenzhong Shi, Peter Fisher & Michael F. Goodchild
Entry Personal Name
001 - CONTROL NUMBER
- control field: 133193
003 - CONTROL NUMBER IDENTIFIER
- control field: NUST
005 - DATE AND TIME OF LATEST TRANSACTION
- control field: 20260213100359.0
008 - FIXED-LENGTH DATA ELEMENTS
- fixed length control field: 260213|| aca||aabn | a|a d
040 ## - CATALOGING SOURCE
- Original cataloging agency: NUST
- Transcribing agency: NUST
100 ## - HEADING--PERSONAL NAME
- Personal name: Wenzhong Shi, Peter Fisher & Michael F. Goodchild
670 ## - SOURCE DATA FOUND
- Source citation: Work cat.: (NUST): Wenzhong Shi, Peter Fisher & Michael F. Goodchild., Spatial Data Quality /, 2002.
